Integrated Differentiated Instruction & Understanding by Design (Record no. 84883)

MARC details
000 -LEADER
fixed length control field 00945nam a22002897a 4500
003 - CONTROL NUMBER IDENTIFIER
control field OSt
005 - DATE AND TIME OF LATEST TRANSACTION
control field 20250828100502.0
008 - FIXED-LENGTH DATA ELEMENTS--GENERAL INFORMATION
fixed length control field 250319b ||||| |||| 00| 0 eng d
020 ## - INTERNATIONAL STANDARD BOOK NUMBER
International Standard Book Number 9781416602842
040 ## - CATALOGING SOURCE
Transcribing agency URS
050 ## - LIBRARY OF CONGRESS CALL NUMBER
Classification number LB1027.3
Item number .T597 2006
100 ## - MAIN ENTRY--PERSONAL NAME
9 (RLIN) 11386
Personal name Tomlinson, Carol A.
245 ## - TITLE STATEMENT
Title Integrated Differentiated Instruction & Understanding by Design
Remainder of title Connecting Content and Kids
264 ## - PRODUCTION, PUBLICATION, DISTRIBUTION, MANUFACTURE, AND COPYRIGHT NOTICE
Place of production, publication, distribution, manufacture Alexandria, Va.
Name of producer, publisher, distributor, manufacturer Association for Supervision and Curriculum Development
Date of production, publication, distribution, manufacture, or copyright notice ©2006
300 ## - PHYSICAL DESCRIPTION
Extent 199 pages.,:
Dimensions 23 cm.
336 ## - CONTENT TYPE
Source rdacontent
Content type term text
337 ## - MEDIA TYPE
Source rdamedia
Media type term unmediated
338 ## - CARRIER TYPE
Source rdacarrier
Carrier type term volume
650 #0 - SUBJECT ADDED ENTRY--TOPICAL TERM
9 (RLIN) 4659
Topical term or geographic name entry element Teaching.
650 #0 - SUBJECT ADDED ENTRY--TOPICAL TERM
9 (RLIN) 2091
Topical term or geographic name entry element Learning
650 #0 - SUBJECT ADDED ENTRY--TOPICAL TERM
9 (RLIN) 2188
Topical term or geographic name entry element Curriculum planning
650 #0 - SUBJECT ADDED ENTRY--TOPICAL TERM
9 (RLIN) 2935
Topical term or geographic name entry element Individualized instruction
650 #0 - SUBJECT ADDED ENTRY--TOPICAL TERM
9 (RLIN) 623
Topical term or geographic name entry element Mixed ability grouping in education.
650 #0 - SUBJECT ADDED ENTRY--TOPICAL TERM
9 (RLIN) 7137
Topical term or geographic name entry element Education -- Research
700 ## - ADDED ENTRY--PERSONAL NAME
9 (RLIN) 11389
Personal name McTighe, Jay
942 ## - ADDED ENTRY ELEMENTS (KOHA)
Source of classification or shelving scheme Library of Congress Classification
Koha item type Reserved Books
Holdings
Withdrawn status Source of classification or shelving scheme Damaged status Not for loan Collection code Home library Current library Date acquired Total Checkouts Full call number Barcode Date last seen Price effective from Koha item type Shelving location
  Library of Congress Classification       Angono College Library Angono College Library 03/25/2026   LB1027.3 .T597 2006 URSANG-4347 03/25/2026 03/25/2026 Foreign Books Foreign Section
  Library of Congress Classification     Non-fiction Morong Graduate Library Morong Graduate Library 03/19/2025   LB1027.3 .T597 2006 URSMOR-GL-4379 03/19/2025 03/19/2025 Reserved Books  

University of Rizal System
Email us at univlibservices@urs.edu.ph

Visit our Website www.urs.edu.ph/library